Normal view
MARC view
Entry Personal Name
001 - CONTROL NUMBER
- control field: 1238259
003 - CONTROL NUMBER IDENTIFIER
- control field: OSt
005 - DATE AND TIME OF LATEST TRANSACTION
- control field: 20260430150714.0
008 - FIXED-LENGTH DATA ELEMENTS
- fixed length control field: 260430|| aca||aabn | a|a d
040 ## - CATALOGING SOURCE
- Original cataloging agency: OSt
- Transcribing agency: OSt
100 ## - HEADING--PERSONAL NAME
- Personal name: Yadav Neha Au.; N. Kiranmala Devi Gu
670 ## - SOURCE DATA FOUND
- Source citation: Work cat.: (OSt)1850430: Yadav Neha Au.; N. Kiranmala Devi Gu., Cognitive Impairment and its Biosocial Correlates: A Cross-Sectional Study in Rural Punjab, India, 2024
